000 00577cam a2200217 4500
008 090401t1999 xxu||||| |||| 00| 0 eng d
020 _a185978609X
035 _a(Sirsi) u92769
041 _aeng
050 _a690.026
245 _aBuilding law reports. - Volume 89 (Index and tables volumes 1-88)
260 _aLondon
_bLLP
_c1999
300 _avii,204p. ; 23cm.
350 _a0
650 _aBUILDING LAW REPORTS
650 _aCONSTRUCTION INDUSTRY
650 _aLAW REPORTS
690 _aBUILDING AND CONSTRUCTION-CASE LAW
942 _n0
948 _c15/04/1999
999 _c97780
_d97780